000 00404nam a2200145Ia 4500
008 100204s9999 xx 000 0 und d
082 _b3004
100 _aदास बाबाजी
245 _aअमर गाथा
260 _b"न. सा. दांगर, पुणे"
_c1978
300 _a63
630 _aअमर गाथा
730 _aअमर गाथा
942 _cBOOK
999 _c447986
_d447983